00340nam a2200133Ia 4500008004100000020001500041041001200056100001600068245007300084250000800157260002500165300000800190650000800198221030s9999 xx 000 0 und d a8120322295 aEnglish aW. Schweber 0aElectronic Communication Systems : A Complete Coursecby W. Schweber a4th bPHIaNew Delhic2009 a820 aECE